MARC

LEADER 00000nam0a2200000 4500
001 150000
005 20231031150056.0
035 |a (RuTPU)RU\TPU\book\162611 
090 |a 150000 
100 |a 20081224d1963 km y0rusy50 ca 
101 0 |a rus 
102 |a RU 
105 |a a z 001zy 
200 1 |a Материалы по геологии Монгольской Народной Республики  |f Геологоразведочное управление при Совете Министров МНР; под ред. Н. А. Маринова 
210 |a Москва  |c Гостоптехиздат  |d 1963 
215 |a 288 с.  |c ил. 
320 |a Библиография в конце статей 
610 1 |a геология 
610 1 |a Монгольская Народная Республика 
610 1 |a стратиграфия 
610 1 |a тектоника 
610 1 |a интрузивный магматизм 
610 1 |a месторождения 
610 1 |a полезные ископаемые 
610 1 |a гидрогеология 
675 |a 55(5)  |v 3 
702 1 |a Маринов  |b Н. А.  |g Николай Александрович  |4 340 
712 0 2 |a Геологоразведочное управление при Совете Министров МНР 
801 1 |a RU  |b 63413507  |c 20081224  |g PSBO 
801 2 |a RU  |b 63413507  |c 20081230  |g PSBO 
942 |c BK